Mufahimat: Islam, Jamhuriat aur Maghrib in urdu (Reconciliation) (Record no. 70237)

000 -LEADER
fixed length control field 00488nam a22001697a 4500
003 - CONTROL NUMBER IDENTIFIER
control field NUST - PNEC
005 - DATE AND TIME OF LATEST TRANSACTION
control field 20170116181136.0
008 - FIXED-LENGTH DATA ELEMENTS--GENERAL INFORMATION
fixed length control field 151007b xxu||||| |||| 00| 0 eng d
020 ## - INTERNATIONAL STANDARD BOOK NUMBER
International Standard Book Number -
040 ## - CATALOGING SOURCE
Transcribing agency LIBRARY
082 ## - DEWEY DECIMAL CLASSIFICATION NUMBER
Classification number 954.91053 BEN
100 ## - MAIN ENTRY--PERSONAL NAME
9 (RLIN) 14300
Personal name Benazir Bhutto
245 ## - TITLE STATEMENT
Title Mufahimat: Islam, Jamhuriat aur Maghrib in urdu (Reconciliation)
Statement of responsibility, etc. Benazir Bhutto
260 ## - PUBLICATION, DISTRIBUTION, ETC.
Place of publication, distribution, etc. Lahore:
Name of publisher, distributor, etc. Dogar Publishers,
Date of publication, distribution, etc. 2007
650 ## - SUBJECT ADDED ENTRY--TOPICAL TERM
9 (RLIN) 14303
Topical term or geographic name entry element Reconciliation
General subdivision General
942 ## - ADDED ENTRY ELEMENTS (KOHA)
Source of classification or shelving scheme
Koha item type Book
Holdings
Withdrawn status Lost status Source of classification or shelving scheme Damaged status Not for loan Permanent Location Current Location Shelving location Date acquired Total Checkouts Full call number Barcode Date last seen Price effective from Koha item type
          Pakistan Navy Engineering College (PNEC) Pakistan Navy Engineering College (PNEC)       954.91053 BEN PNECLIB-031289 10/07/2015   Book
© 2023 Central Library, National University of Sciences and Technology. All Rights Reserved.